| 000 | 00335nam a22000977a 4500 | ||
|---|---|---|---|
| 008 | 150618b xxu||||| |||| 00| 0 eng d | ||
| 010 | _8HCCRSF:003 | ||
| 245 | _aHIGH COURT CRIMINAL SESSION NO.319 OF 1969 Uganda Vs 1. Abagiri s/o Yonosi 2. Alahai Adrusedu | ||
| 260 | _aHigh Court Kampala | ||
| 500 | _3BEFORE: Hon. Mr. Ag. Justice E.A. Oteng. | ||
| 999 |
_c6389 _d6389 |
||